Statistics for Face of Franchise: NHL

Click here to take the quiz!

General Stats

  • This quiz has been taken 246 times
  • The average score is 17 of 30

Answer Stats

HintAnswer% Correct
Anaheim DucksRyan Getzlaf
92%
Pittsburgh PenguinsSidney Crosby
81%
Boston BruinsZdeno Chara
80%
Washington CapitalsAlex Ovechkin
78%
Chicago BlackhawksJonathan Toews
78%
Dallas StarsJamie Benn
74%
Arizona CoyotesShane Doan
71%
Tampa Bay LightningSteven Stamkos
71%
Los Angeles KingsAnze Kopitar
69%
Montreal CanadiensCarey Price
69%
Vancouver CanucksHenrik Sedin
68%
Philadelphia FlyersClaude Grioux
67%
New York IslandersJohn Tavares
66%
San Jose SharksJoe Thronton
64%
Edmonton OilersTaylor Hall
63%
Nashville PredatorsShea Weber
59%
Winnipeg JetsBlake Wheeler
58%
Ottawa SenatorsErik Karlsson
58%
Detroit Red WingsHenrik Zetterberg
57%
New York RangersHenrik Lundqvist
55%
Calgary FlamesMark Giordano
47%
Minnesota WildMikko Koivu
45%
Florida PanthersRoberto Luongo
43%
Colorado AvalancheMatt Duechene
39%
Columbus Blue JacketsNick Foligno
30%
Carolina HurricanesCam Ward
29%
St Louis BluesDavid Backes
25%
New Jersey DevilsPatrick Elias
25%
Toronto Maple LeafsTyler Bozak
20%
Buffalo SabresTyler Ennis
8%

Score Distribution

Percentile by Number Answered

Percent of People with Each Score

Your Score History

You have not taken this quiz